| Tag |
First Indicator |
Second Indicator |
Subfields |
| LEADER |
00000cam a2200000 4500 |
| 001 |
in00000049669 |
| 005 |
20151007073711.0 |
| 008 |
750815s1923 nyuf 00010 eng |
| 010 |
|
|
|a 23008717
|
| 035 |
|
|
|a (OCoLC)01548038
|
| 035 |
|
|
|9 AAF0210AM
|
| 040 |
|
|
|a DLC
|c FQG
|d OCL
|d TXA
|d UtOrBLW
|
| 049 |
|
|
|a TXAM
|c [137232]
|
| 050 |
0 |
0 |
|a QL683
|b .E5
|
| 092 |
|
|
|a 598.2
|b E42b
|
| 100 |
1 |
|
|a Eliot, Willard Ayres,
|d 1871-1961.
|
| 245 |
1 |
0 |
|a Birds of the Pacific coast :
|b including a brief account of the distribution and habitat of one hundred and eighteen birds that are more or less common to the Pacific coast states and British Columbia, many of which are found eastward to the Rocky mountains and beyond /
|c by Willard Ayres Eliot; with fifty-six color plates, by R. Bruce Horsfall.
|
| 264 |
|
1 |
|a New York,
|a London :
|b G.P. Putnam's sons,
|c [1923]
|
| 264 |
|
4 |
|c [©1923]
|
| 300 |
|
|
|a xvii, 211 pages :
|b color frontispiece, color plates. ;
|c 18 cm.
|
| 336 |
|
|
|a text
|b txt
|2 rdacontent
|
| 337 |
|
|
|a unmediated
|b n
|2 rdamedia
|
| 338 |
|
|
|a volume
|b nc
|2 rdacarrier
|
| 650 |
|
0 |
|a Birds
|z Pacific Coast.
|
| 650 |
|
0 |
|a Birds
|z British Columbia.
|
| 999 |
|
|
|a MARS
|
| 999 |
f |
f |
|s f255bc12-1f02-3ce9-a494-1128e42912fc
|i 17f424bb-6a6a-3fcd-8b67-df835f3e90e3
|t 0
|
| 952 |
f |
f |
|p ric
|a Texas A&M University
|b Rellis Campus
|c Joint Library Facility
|d Remote Storage
|t 0
|e QL683 .E5
|h Library of Congress classification
|i unmediated -- volume
|m A14801020987
|
| 998 |
f |
f |
|a QL683 .E5
|t 0
|l Remote Storage
|